| 000 | 00721cam a22002411 4500 | ||
|---|---|---|---|
| 001 | ne 65001250 | ||
| 003 | DLC | ||
| 005 | 20260227111814.0 | ||
| 008 | 820206s1964 ua 000 0 eng | ||
| 010 | _ane 65001250 | ||
| 025 | _aPL480:UAR-4802 | ||
| 035 | _a(OCoLC)8131816 | ||
| 040 |
_aDLC _cViU _dDLC |
||
| 042 | _apremarc | ||
| 043 | _af-ua--- | ||
| 050 | 0 | 0 |
_aDT107.83 _b.N3185 |
| 100 | 1 |
_aNasser, Gamal Abdel, _d1918-1970. |
|
| 245 | 0 | 0 | _aAddress by President Gamal Abdel Nasser at the International Labourers' Day festivities, May 1st, 1964. |
| 260 |
_aCairo, _bInformation Dept., U. A. R. _c[1964] |
||
| 300 |
_a26 p. _c20 cm. |
||
| 651 | 0 |
_aEgypt _xHistory _y1952- |
|
| 651 | 0 |
_aEgypt _xEconomic conditions. |
|
| 999 |
_c48199 _d48199 |
||